<?xml version="1.0" encoding="UTF-8"?>
<record
    xmlns:xsi="http://www.w3.org/2001/XMLSchema-instance"
    xsi:schemaLocation="http://www.loc.gov/MARC21/slim http://www.loc.gov/standards/marcxml/schema/MARC21slim.xsd"
    xmlns="http://www.loc.gov/MARC21/slim">

  <leader>01172nam a2200289Ia 4500</leader>
  <controlfield tag="001">Z_1185</controlfield>
  <controlfield tag="008">220113s9999    xx            000 0 und d</controlfield>
  <datafield tag="010" ind1=" " ind2=" ">
    <subfield code="a">164270</subfield>
  </datafield>
  <datafield tag="082" ind1=" " ind2=" ">
    <subfield code="a">636.080913 U3</subfield>
  </datafield>
  <datafield tag="100" ind1=" " ind2=" ">
    <subfield code="a">UACH. Subdirecci&#xF3;n de Investigaci&#xF3;n. Coordinaci&#xF3;n de Servicios</subfield>
    <subfield code="9">138382</subfield>
  </datafield>
  <datafield tag="245" ind1=" " ind2=" ">
    <subfield code="a">Diagn&#xF3;stico integral de la ganader&#xED;a bovina en el tr&#xF3;pico mexicano  /</subfield>
    <subfield code="c"></subfield>
  </datafield>
  <datafield tag="260" ind1=" " ind2=" ">
    <subfield code="a">    </subfield>
  </datafield>
  <datafield tag="300" ind1=" " ind2=" ">
    <subfield code="a"></subfield>
  </datafield>
  <datafield tag="440" ind1=" " ind2=" ">
    <subfield code="a"></subfield>
  </datafield>
  <datafield tag="500" ind1=" " ind2=" ">
    <subfield code="a">de Yucat&#xE1;n: res&#xFA;men -- v.4 La ganader&#xED;a bovina en la regi&#xF3;n de Veracruz - Centro -- v.5 La ganader&#xED;a bovina en la Cuenca del Papaloapan -- v.6 Delimitaci&#xF3;n preliminar de regiones ganaderas en el tr&#xF3;pico mexicano -- v.7 Reporte de actividades realizadas</subfield>
  </datafield>
  <datafield tag="503" ind1=" " ind2=" ">
    <subfield code="a"></subfield>
  </datafield>
  <datafield tag="650" ind1=" " ind2=" ">
    <subfield code="a"></subfield>
    <subfield code="x"> Producci&#xF3;n </subfield>
    <subfield code="9">138383</subfield>
  </datafield>
  <datafield tag="650" ind1=" " ind2=" ">
    <subfield code="a">Ganado vacuno</subfield>
    <subfield code="x">Mercadeo 1</subfield>
    <subfield code="9">138384</subfield>
  </datafield>
  <datafield tag="650" ind1=" " ind2=" ">
    <subfield code="a">Ganado vacuno</subfield>
    <subfield code="x">Oaxaca I. Programa de Desarrollo Integral de la Ganader&#xED;a Bovina en el Tr&#xF3;pico Mexicano II. t.</subfield>
    <subfield code="9">138385</subfield>
  </datafield>
  <datafield tag="650" ind1=" " ind2=" ">
    <subfield code="a">Ganado vacuno</subfield>
    <subfield code="x">Tabasco 1</subfield>
    <subfield code="9">138386</subfield>
  </datafield>
  <datafield tag="650" ind1=" " ind2=" ">
    <subfield code="a">Ganado vacuno</subfield>
    <subfield code="x">Tr&#xF3;picos 1 Ganado vacuno</subfield>
    <subfield code="x">Mejoramiento 1</subfield>
    <subfield code="9">138387</subfield>
  </datafield>
  <datafield tag="901" ind1=" " ind2=" ">
    <subfield code="a">636.080913 U3</subfield>
  </datafield>
  <datafield tag="902" ind1=" " ind2=" ">
    <subfield code="a">A</subfield>
  </datafield>
  <datafield tag="910" ind1=" " ind2=" ">
    <subfield code="a">    </subfield>
  </datafield>
  <datafield tag="942" ind1=" " ind2=" ">
    <subfield code="c">c1</subfield>
  </datafield>
  <datafield tag="999" ind1=" " ind2=" ">
    <subfield code="c">164270</subfield>
    <subfield code="d">164270</subfield>
  </datafield>
</record>
